00526nam a2200169Ia 450000500170000000800410001702000150005808200130007310000270008624500310011326000450014430000130018950000340020294200060023695200990024299900150034120250323113430.0240331s9999 xx 000 0 und d a8187477245 bVENa894 aVenkatachalapathy, A.R 0aPudumaippithan katturaikal aNagercoilbKalachuvadu Pathippagamc2002 a656 p ., aputhumaippithanin katturaikal cL 001040708LaWERCLbWERCLcSSCd2024-03-31l0o 894.811 VENp4821r2024-03-31w2024-03-31yL c4250d4250